Leveraging Data Science for Global Health (Record no. 16466)

MARC details
000 -LEADER
fixed length control field 00839nam a2200121Ia 4500
008 - FIXED-LENGTH DATA ELEMENTS--GENERAL INFORMATION
fixed length control field 220615s9999||||xx |||||||||||||| ||und||
245 #0 - TITLE STATEMENT
Title Leveraging Data Science for Global Health
546 ## - LANGUAGE NOTE
Language note English[eng]
650 ## - SUBJECT ADDED ENTRY--TOPICAL TERM
Topical term or geographic name entry element Health Informatics||Health Economics||Open Access||Big Data||Machine Learning||Artificial Intelligence||Digital Disease Surveillance||Health Mapping||Health Records for Non-Communicable Diseases||HealthMap||Tools for Clinical Trials||Medical equipment & techniques||Information technology: general issues||Health & safety aspects of IT||Health economics
700 ## - ADDED ENTRY--PERSONAL NAME
Personal name Celi, Leo Anthony||Majumder, Maimuna S.||Ordóñez, Patricia||Osorio, Juan Sebastian||Paik, Kenneth E.||Somai, Melek
856 ## - ELECTRONIC LOCATION AND ACCESS
Uniform Resource Identifier <a href="https://library.oapen.org/bitstream/20.500.12657/41290/1/2020_Book_LeveragingDataScienceForGlobal.pdf">https://library.oapen.org/bitstream/20.500.12657/41290/1/2020_Book_LeveragingDataScienceForGlobal.pdf</a>
942 ## - ADDED ENTRY ELEMENTS (KOHA)
Koha item type E-Books
Holdings
Withdrawn status Lost status Damaged status Not for loan Home library Current library Date acquired Total Checkouts Date last seen Price effective from Koha item type
        Kerala University of Digital Sciences, Innovation and Technology Knowledge Centre Kerala University of Digital Sciences, Innovation and Technology Knowledge Centre 15/06/2022   15/06/2022 15/06/2022 E-Books